=LDR 00000nam 2200000 4500 =001 000883 =005 20250712114707 =035 ##$$a 0010-0725000761 =007 ta =008 250712################a##########0#ind## =020 ##$$a 978-602-1101-60-5 =082 ##$$a 398.209 598 =084 ##$$a 398.209 598 ING m =100 #$$a Ing, Uring I =245 1#$$a Mencari Lempesu /$c Uring I, ing =260 ##$$a Bandung :$b Yayasan Litara,$c 2021 =300 ##$$a 16 hlm. : $b ilus. ; $c 29,7 cm =856 ##$$a TBM as Suhada =990 ##$$a TBM202400689